| 000 | 00693nam a2200253Ia 4500 | ||
|---|---|---|---|
| 003 | OSt | ||
| 005 | 20220912152534.0 | ||
| 006 | a|||||r|||| 00| 0 | ||
| 007 | ta | ||
| 008 | 220909b |||||||| |||| 00| 0 eng d | ||
| 024 | _a42796 | ||
| 037 | _cTextual | ||
| 040 |
_aCSL _beng _cCSL |
||
| 041 | _aeng | ||
| 082 | _aE782p1:N69, L0 | ||
| 100 | _aSund Horst | ||
| 111 | _aSymposium on pyridine nucleotide dependent dehydrogenoses (1960 : Germany) | ||
| 245 | 0 | _aProceeding on pyridine nucleotide-dependent dehydrogenases | |
| 260 | _c1970 | ||
| 300 |
_ap. _ccm. |
||
| 650 | _aNucleotide | ||
| 942 |
_hE782p1:N69, L0 _cTEXL _2CC |
||
| 999 |
_c88082 _d88082 |
||